000 00688nas a2200253 4500
001 BR7301838
003 BR-BrBNA
005 20231205082409.0
007 ta
008 230509b bl.|||p| |||| 00| 00por d
040 _aBR-BrBNA
_bpor
_cBiblioteca Nacional de Agricultura
041 _a(Pt)
072 _aL74
100 1 _aSobestiansky, J.
100 1 _aSobestiansky, U.M.
245 1 _aNecrose muscular aguda [suino]
650 _aSUÍNO
650 _aLESAO
650 _aMUSCULO
650 _aDISTURBIO GENETICO
773 0 _tAtualidades Veterinarias (Brazil)
_x
_g(Jul 1975), v. 4(25) p. 42-46
_wBR7301838
909 _a202311
_bLúcia
_c55
_dLúcia Elande
942 _2AGRIS
_n0
_cANA
999 _c91448
_d91448